niemieckie słówka 1 - Statystyki

Ogólne statystyki
  • Ten quiz został rozwiązany 46 razy
    45 od ostatniego zresetowania
  • Średni wynik to 17 z 107
Statystyki odpowiedzi
polski tłumaczenie niemieckie (razem z rodzajnikiem) % Poprawnych
lato der Sommer
70%
zima der Winter
70%
jesień der Herbst
58%
wiosna der Frühling
55%
t-shirt das T-Shirt
38%
kurtka die Jacke
35%
dżinsy die Jeans
35%
pogoda das Wetter
33%
spódnica der Rock
33%
koszula das Hemd
30%
buty die Schuhe
30%
wietrzny windig
30%
sukienka das Kleid
28%
płaszcz der Mantel
28%
rękawiczki die Handschuhe
28%
czapka die Mütze
28%
szal der Schal
25%
śnieg der Schnee
25%
wiatr der Wind
25%
temperatura die Temperatur
25%
Jest wietrznie. Es ist windig.
25%
Pada deszcz. Es regnet.
25%
gorący heiß/heiss
25%
słoneczny sonnig
25%
sweter der Pullover
23%
bluzka die Bluse
23%
padać (deszcz) regnen
23%
badminton das Badminton
20%
jazda na rowerze das Radfahren
20%
deszcz der Regen
20%
Pada śnieg. Es schneit.
20%
wiosną Im Frühling
20%
padać (śnieg) schneien
20%
stabilny stabil
20%
wyglądać aussehen
18%
pochmurny bewölkt
18%
błyskać się blitzen
18%
ubranie die Kleidung
18%
chmura die Wolke
18%
Jest pochmurno. Es ist bewölkt.
18%
wszędzie überall
18%
mieć na sobie anhaben
15%
Temperatura spada. Die Temperatur sinkt.
15%
Temperatura rośnie. Die Temperatur steigt.
15%
Błyska się. Es blitzt.
15%
Grzmi. Es donnert
15%
chłodny kühl
15%
pożyczać leihen
15%
suchy trocken
15%
ubierać się anziehen
13%
liść das Blatt
13%
żeglarstwo das Segeln
13%
kieszonkowe das Taschengeld
13%
mgła der Nebel
13%
grzmieć donnern
13%
Co on ma na sobie? Was hat er an?
13%
Jaki rozmar? Welche Größe?/Welche Grösse?
13%
wyszukiwać aussuchen
10%
hokej na lodzie das Eishockey
10%
burza das Gewitter
10%
wioślarstwo das Rudern
10%
ochrona środowiska der Umweltschutz
10%
Wieje wiatr. Der Wind weht.
10%
rozmar die Größe/die Grösse
10%
naszyjnik die Halskette
10%
ulubiona pora roku die Lieblingsjahreszeit
10%
ujemna temperatura die Minustemperatur
10%
butelka zwrotna die Pfandflasche
10%
Temperatura wynosi... Die Temperatur beträgt
10%
Jest mroźno. Es ist frostig.
10%
mroźny frostig
10%
melancholijny melancholisch
10%
przyjazny dla środowiska umweltfreundlich
10%
niezmienny unverändert
10%
przymierzać anprobieren
8%
saneczkarstwo das Rodeln
8%
bluza sportowa das Sweatshirt
8%
balerina (but) der Ballerina
8%
ukończenie szkoły der Schulabschluss
8%
wieczorna godzina die Abendstunde
8%
poranna godzina die Morgenstunde
8%
torba z materiału die Stofftasche
8%
torebka/siatka die Tütte
8%
przymierzalnia die Umkleidekabine
8%
poprawa pogody die Wetterbesserung.
8%
w kropki gepunktet
8%
w kratkę kariert
8%
Nie ma za co. Keine Ursache.
8%
koloru pomarańczowego orangefarben
8%
w ciągu dnia tagsüber
8%
stopniowo allmählich
5%
teren alpejski das Alpengebiet
5%
jazda na łyżwach das Schlittschuhlaufen
5%
jazda na nartach das Skilaufen
5%
surowiec der Rohstoff
5%
skórzana torba die Ladertasche
5%
środek/działanie die Maßnahme/die Massnahme
5%
Temperatura wynosi około... Die Temperatur liegt bei
5%
buty z wysokimi obcasami Schuhe mit hohen Ansätzen
5%
przejaśniać się sich aufklären
5%
sklep odzieżowy das Bekleidungsgeschäft
3%
pojemnik na śmieci der Müllbehälter
3%
odpady nie nadające się do powtórnego przetworzenia der Restmüll
3%
Jest burza. Es gibt ein Gewitter.
3%
Mimo to wielkie dzięki za pomoc. Trotzdem vielen Dank für Ihre Hilfe.
3%
zaglądać do kogoś vorbeischauen
3%
segregacja śmieci der Mülltrennung
0%
Nie znaleziono quizów pasujących do podanych kryteriów
Rozkład punktacji
Procent ludzi z każdym wynikiem
Percentyl według liczby udzielonych odpowiedzi
Twoja historia wyników
Nie rozwiązałeś tego quizu od ostatniego zresetowania